Cargando...

Studies in south Indian architecture With special reference to Kerala & Tamil Nadu /

Detalles Bibliográficos
Outros autores: Sreelekha , K. G. (Editor)
Idioma:Undetermined
Publicado: New Delhi : Dev Publishers & Distributors , 2015.
LEADER 00570nam a2200145Ia 4500
008 170722s9999 xx 000 0 und d
999 |c 156650  |d 156650 
020 |a 819040296x 
084 |2 cc  |a NA21 
245 |a Studies in south Indian architecture  |b With special reference to Kerala & Tamil Nadu / 
260 |a New Delhi :  |b Dev Publishers & Distributors ,  |c 2015. 
300 |b 184p. 
700 |a Sreelekha , K. G.  |e editor. 
942 |c GEN 
952 |0 0  |1 0  |4 0  |6 NA_21_000000000000000_Q5  |7 0  |9 219737  |a LIB  |b LIB  |d 2017-02-11  |e Modern Book Centre  |l 15  |o NA21 Q5  |p 303613  |r 2020-02-05  |s 2019-11-18  |y GEN